000 00355nam a22001337a 4500
008 250311b |||||||| |||| 00| 0 eng d
020 _a9780231404
050 _aHD 9560
_b.A74
100 _aAremu Issa
245 _aThe Crises of Pricing Petroleum Products in Nigeria
260 _aNigeria
_bMalthouse Press Limited
_c2001
300 _a125p.
942 _cBK
999 _c2241
_d2241